[Event "Lignano Sabbiadoro op 1st"]
[Site "Lignano Sabbiadoro"]
[Date "2015.08.03"]
[Round "4.11"]
[White "Franceschi, Riccardo"]
[Black "Bergamasco, Tommaso"]
[Result "1/2-1/2"]
[WhiteElo "2054"]
[BlackElo "2042"]
[PlyCount "163"]
[EventDate "2015.08.01"]
[EventType "swiss"]
[EventRounds "9"]
[EventCountry "ITA"]
[SourceTitle "EXT 2024"]
[Source "ChessBase"]
[SourceDate "2023.10.10"]
[SourceVersion "1"]
[SourceVersionDate "2023.10.10"]
[SourceQuality "1"]

1. e4 e6 2. d4 d5 3. e5 b6 4. c3 Qd7 5. Ne2 Ba6 6. g3 c5 7. Bh3 Nc6 8. Be3 cxd4 9. cxd4 Bb4+ 10. Nbc3 Bxc3+ 11. bxc3 Nge7 12. 0-0 Na5 13. f4 Rc8 14. Bd2 Bd3 15. Rf2 0-0 16. Nc1 Be4 17. Qe2 Qa4 18. Be1 Rc7 19. g4 g6 20. Bg2 Bxg2 21. Rxg2 Nec6 22. Qf2 f5 23. exf6 Rxf6 24. Nd3 Rcf7 25. Qe3 Nc4 26. Qe2 g5 27. f5 exf5 28. gxf5 Rxf5 29. Bh4 h6 30. Bg3 Ne7 31. Re1 Qc6 32. h4 Qf6 33. Be5 Qc6 34. Qg4 Rf1+ 35. Rxf1 Rxf1+ 36. Kh2 Ne3 37. Qe2 Nxg2 38. Qxf1 Nxh4 39. Bg3 Nhf5 40. Qe1 Qg6 41. Qe2 Nxg3 42. Kxg3 Qf6 43. Kg2 Ng6 44. Qe8+ Kg7 45. Ne5 Nxe5 46. dxe5 Qf7 47. Qc8 Qe7 48. Qf5 b5 49. e6 a6 50. Qe5+ Kg6 51. Qxd5 Kf6 52. c4 bxc4 53. Qd4+ Kf5 54. Qd5+ Kf6 55. Qd4+ Kxe6 56. Qxc4+ Kf5 57. Qxa6 Qe4+ 58. Kg3 Qe3+ 59. Kg2 h5 60. Qf1+ Kg4 61. Qd1+ Kf4 62. Qxh5 Qd2+ 63. Kf1 Qxa2 64. Qh3 Qb1+ 65. Kf2 Qc2+ 66. Kf1 Qd1+ 67. Kf2 Qd4+ 68. Kg2 Qe4+ 69. Kf2 Qd4+ 70. Kg2 Qd5+ 71. Kf2 Qc5+ 72. Kg2 Qc6+ 73. Kf2 Qb6+ 74. Kg2 Qb2+ 75. Kf1 Qc1+ 76. Kf2 Qd2+ 77. Kf1 Qe3 78. Qh2+ Qg3 79. Qxg3+ Kxg3 80. Kg1 Kf4 81. Kf2 g4 82. Kg2 1/2-1/2

[Event "Livorno Provinz-ch"]
[Site "Livorno"]
[Date "2011.01.16"]
[Round "5"]
[White "Franceschi, Riccardo"]
[Black "Annoni, Riccardo"]
[Result "1/2-1/2"]
[WhiteElo "2090"]
[BlackElo "2067"]
[PlyCount "105"]
[EventDate "2011.01.14"]
[EventType "swiss"]
[EventRounds "5"]
[EventCountry "ITA"]
[SourceTitle "EXT 2012"]
[Source "ChessBase"]
[SourceDate "2011.11.24"]
[SourceVersion "1"]
[SourceVersionDate "2011.11.24"]
[SourceQuality "1"]

1. e4 c5 2. c3 Nf6 3. e5 Nd5 4. d4 cxd4 5. Nf3 e6 6. cxd4 b6 7. Nc3 Nxc3 8. bxc3 Qc7 9. Bd2 Bb7 10. Bd3 d6 11. 0-0 Nd7 12. Qe2 dxe5 13. dxe5 Be7 14. Rfe1 0-0 15. Nd4 Nc5 16. Bc2 Rfd8 17. Rad1 Rac8 18. f4 g6 19. Qg4 Kh8 20. Re3 Nd7 21. Rh3 Nxe5 22. fxe5 Rxd4 23. cxd4 Qxc2 24. Be3 Qxa2 25. Rf1 Rc2 26. Rhf3 Bxf3 27. Qxf3 Qd5 28. Qxd5 exd5 29. Rxf7 Bb4 30. Bh6 a5 31. Rb7 Kg8 32. e6 Rc8 33. Rxb6 Bf8 34. Be3 a4 35. Ra6 a3 36. Bg5 Re8 37. e7 Bxe7 38. Bxe7 Rxe7 39. Rxa3 Re4 40. Rd3 Kf7 41. Kf2 Ke6 42. Re3 Kf5 43. Rf3+ Rf4 44. g3 Rxf3+ 45. Kxf3 h5 46. h3 Kg5 47. Ke3 Kf6 48. Kf4 g5+ 49. Kf3 Kf5 50. g4+ hxg4+ 51. hxg4+ Ke6 52. Ke3 Kd6 53. Kd3 1/2-1/2

[Event "Livorno Provinz-ch"]
[Site "Livorno"]
[Date "2011.01.15"]
[Round "2"]
[White "Calcagnile, Lucio"]
[Black "Franceschi, Riccardo"]
[Result "0-1"]
[WhiteElo "2014"]
[BlackElo "2090"]
[PlyCount "122"]
[EventDate "2011.01.14"]
[EventType "swiss"]
[EventRounds "5"]
[EventCountry "ITA"]
[SourceTitle "EXT 2012"]
[Source "ChessBase"]
[SourceDate "2011.11.24"]
[SourceVersion "1"]
[SourceVersionDate "2011.11.24"]
[SourceQuality "1"]

1. c4 e6 2. Nf3 Nf6 3. g3 b6 4. Bg2 Bb7 5. 0-0 Be7 6. Nc3 c5 7. d4 cxd4 8. Qxd4 0-0 9. e4 Nc6 10. Qd2 Qb8 11. Qe2 d6 12. b3 Rd8 13. Bb2 Ng4 14. Rad1 Nge5 15. Ne1 Bf6 16. Ba3 Be7 17. f4 Nd7 18. Nc2 a6 19. Rf3 Qc7 20. Qd2 Nf6 21. Rd3 Ne8 22. e5 dxe5 23. Bxe7 Rxd3 24. Qxd3 Qxe7 25. Qd7 Kf8 26. Qxe7+ Kxe7 27. fxe5 Rb8 28. Bxc6 Bxc6 29. Nb4 Bb7 30. Na4 a5 31. Nc2 Bc6 32. Nc3 f6 33. Nd4 Bd7 34. Nf3 Rc8 35. Kf2 Bc6 36. exf6+ gxf6 37. Nd4 Bd7 38. Ndb5 Rc5 39. Rd3 Bxb5 40. Nxb5 f5 41. Nc3 Nf6 42. h3 e5 43. Na4 Rc6 44. Nc3 Ke6 45. Rd1 Rc5 46. Na4 Ne4+ 47. Kf3 Rc6 48. Rd8 Ng5+ 49. Kg2 b5 50. Nb2 a4 51. Ra8 Rd6 52. bxa4 Rd2+ 53. Kf1 Rxb2 54. axb5 Ne4 55. a4 Nxg3+ 56. Kg1 f4 57. Rg8 e4 58. a5 e3 59. Re8+ Kf5 60. a6 f3 61. Rxe3 Rg2# 0-1

[Event "Arvier Amatori op 1st"]
[Site "Arvier"]
[Date "2011.01.09"]
[Round "7"]
[White "Ranieri, Fabrizio"]
[Black "Franceschi, Riccardo"]
[Result "1-0"]
[WhiteElo "2279"]
[BlackElo "2090"]
[PlyCount "70"]
[EventDate "2011.01.03"]
[EventType "swiss"]
[EventRounds "7"]
[EventCountry "ITA"]
[SourceTitle "EXT 2012"]
[Source "ChessBase"]
[SourceDate "2011.11.24"]
[SourceVersion "1"]
[SourceVersionDate "2011.11.24"]
[SourceQuality "1"]

1. e4 d5 2. exd5 Qxd5 3. Nf3 Nf6 4. d4 Bg4 5. Be2 e6 6. c4 Qd8 7. 0-0 Be7 8. Qb3 b6 9. Nc3 0-0 10. Rd1 c6 11. Bf4 Bd6 12. Bg5 Nbd7 13. h3 Bh5 14. g4 Bg6 15. Ne5 Qc7 16. Nxg6 hxg6 17. Bf3 Rac8 18. Qa4 a5 19. Rac1 Rfd8 20. Bg2 Bb4 21. a3 Bd6 22. b4 axb4 23. axb4 Nb8 24. d5 Bf4 25. Bxf4 Qxf4 26. dxc6 Rxd1+ 27. Qxd1 Nxc6 28. Ne2 Qb8 29. Qd2 Rd8 30. Qc3 Qd6 31. c5 bxc5 32. bxc5 Qc7 33. Qf3 Nd5 34. Ng3 Qe5 35. Qe2 Qf4 1-0

[Event "Arvier Amatori op 1st"]
[Site "Arvier"]
[Date "2011.01.08"]
[Round "6"]
[White "Franceschi, Riccardo"]
[Black "Yeuillaz, Corrado"]
[Result "1-0"]
[WhiteElo "2090"]
[BlackElo "2235"]
[PlyCount "69"]
[EventDate "2011.01.03"]
[EventType "swiss"]
[EventRounds "7"]
[EventCountry "ITA"]
[SourceTitle "EXT 2012"]
[Source "ChessBase"]
[SourceDate "2011.11.24"]
[SourceVersion "1"]
[SourceVersionDate "2011.11.24"]
[SourceQuality "1"]

1. e4 e6 2. d4 d5 3. e5 c5 4. c3 Nc6 5. Nf3 Qb6 6. Be2 Bd7 7. 0-0 cxd4 8. cxd4 Nge7 9. Nc3 Nf5 10. Na4 Qc7 11. g4 Nh6 12. Nh4 Be7 13. Ng2 g5 14. Be3 f6 15. exf6 Bxf6 16. Nc5 0-0-0 17. b4 Kb8 18. b5 Na5 19. Rc1 Qd6 20. a4 Bc8 21. h3 Nf7 22. Bd2 Nc4 23. Bb4 Qb6 24. Ne3 Nfd6 25. Nb3 Qc7 26. Qc2 Qf7 27. Nxc4 Nxc4 28. Bxc4 dxc4 29. Qxc4 h5 30. b6 axb6 31. a5 b5 32. Qxb5 Qd7 33. Qb6 Bxd4 34. Nxd4 Qxd4 35. Bc5 1-0

[Event "Arvier Amatori op 1st"]
[Site "Arvier"]
[Date "2011.01.05"]
[Round "3"]
[White "Pierantoni, Mauro"]
[Black "Franceschi, Riccardo"]
[Result "0-1"]
[WhiteElo "1823"]
[BlackElo "2090"]
[PlyCount "74"]
[EventDate "2011.01.03"]
[EventType "swiss"]
[EventRounds "7"]
[EventCountry "ITA"]
[SourceTitle "EXT 2012"]
[Source "ChessBase"]
[SourceDate "2011.11.24"]
[SourceVersion "1"]
[SourceVersionDate "2011.11.24"]
[SourceQuality "1"]

1. d4 d5 2. c4 e6 3. Nf3 Nf6 4. Bg5 Be7 5. Nc3 c6 6. e3 Nbd7 7. Rc1 0-0 8. Qc2 a6 9. Bd3 h6 10. h4 dxc4 11. Bxf6 cxd3 12. Bxe7 Qxe7 13. Qxd3 e5 14. Nxe5 Nxe5 15. dxe5 Qxe5 16. Qd4 Qe7 17. Rd1 Be6 18. Qd6 Qf6 19. Qf4 Qxf4 20. exf4 b5 21. a3 Bc4 22. Rh3 a5 23. Re3 b4 24. Ne4 Bd5 25. g3 Rfb8 26. Rd2 Ra7 27. Nc5 Kf8 28. Kd1 bxa3 29. Rxa3 Rb5 30. Rc3 Re7 31. Nd3 f6 32. Rc5 Bb3+ 33. Rcc2 Rd5 34. Kc1 Bxc2 35. Kxc2 Red7 36. Kc3 Rd4 37. b3 c5 0-1

[Event "Lodi op1 3rd"]
[Site "Livorno"]
[Date "2007.06.24"]
[Round "5"]
[White "Corso, Roberto"]
[Black "Franceschi, Riccardo"]
[Result "1/2-1/2"]
[WhiteElo "2101"]
[BlackElo "2196"]
[PlyCount "23"]
[EventDate "2007.06.16"]
[EventType "swiss"]
[EventRounds "6"]
[EventCountry "ITA"]
[SourceTitle "EXT 2010"]
[Source "ChessBase"]
[SourceDate "2010.11.25"]
[SourceVersion "1"]
[SourceVersionDate "2010.11.25"]
[SourceQuality "1"]

1. d4 c6 2. c4 d5 3. Nc3 Nf6 4. Nf3 e6 5. Bg5 dxc4 6. e4 b5 7. a4 b4 8. Nb1 Ba6 9. Qc1 Qb6 10. Bxf6 gxf6 11. Bxc4 Bg7 12. 0-0 1/2-1/2

[Event "Lodi op1 3rd"]
[Site "Livorno"]
[Date "2007.06.17"]
[Round "3"]
[White "Franceschi, Riccardo"]
[Black "Soventi, Maurizio"]
[Result "1-0"]
[WhiteElo "2196"]
[BlackElo "1838"]
[PlyCount "79"]
[EventDate "2007.06.16"]
[EventType "swiss"]
[EventRounds "6"]
[EventCountry "ITA"]
[SourceTitle "EXT 2010"]
[Source "ChessBase"]
[SourceDate "2010.11.25"]
[SourceVersion "1"]
[SourceVersionDate "2010.11.25"]
[SourceQuality "1"]

1. e4 e6 2. Qe2 c5 3. Nf3 Nc6 4. g3 Be7 5. Bg2 d5 6. d3 Nf6 7. 0-0 0-0 8. Nbd2 Re8 9. Rd1 Qc7 10. c4 d4 11. Rf1 Bd6 12. Nb3 h6 13. Bd2 e5 14. Nh4 Ne7 15. f4 Bg4 16. Qf2 exf4 17. Bxf4 Bxf4 18. gxf4 Bd7 19. h3 Rab8 20. Nd2 Qc8 21. Kh2 Nc6 22. e5 Nh7 23. Ne4 Qc7 24. Nxc5 g5 25. Nxd7 Qxd7 26. fxg5 hxg5 27. Nf5 Nxe5 28. Bd5 Qc7 29. Qg3 Kh8 30. Nxd4 Qb6 31. Nb3 f6 32. Be4 Rbd8 33. c5 Qa6 34. Rfd1 Re7 35. d4 Nc6 36. Bd3 Qa4 37. Re1 Rxe1 38. Rxe1 Qxa2 39. Qc7 Qxb2+ 40. Re2 1-0

[Event "Florence"]
[Site "Florence"]
[Date "2000.11.19"]
[Round "7"]
[White "Franceschi, Riccardo"]
[Black "Caponi, Saverio"]
[Result "1/2-1/2"]
[WhiteElo "1785"]
[BlackElo "1776"]
[PlyCount "41"]
[EventDate "2000.11.??"]
[EventType "tourn"]
[EventRounds "9"]
[EventCountry "ITA"]
[SourceTitle "EXT 2005"]
[Source "ChessBase"]
[SourceDate "2004.11.15"]
[SourceVersion "1"]
[SourceVersionDate "2004.11.15"]
[SourceQuality "1"]

1. d4 Nf6 2. Nf3 d6 3. c4 g6 4. g3 Bg7 5. Bg2 0-0 6. 0-0 Nbd7 7. Nc3 c6 8. e4 e5 9. Rb1 exd4 10. Nxd4 Qe7 11. b3 Nc5 12. f3 h5 13. Bg5 Ne6 14. Nxe6 Bxe6 15. Qd2 Qd7 16. Rbd1 Nh7 17. Bf4 Rfd8 18. Bxd6 Qxd6 19. Qxd6 Rxd6 20. Rxd6 Bxc3 21. Rfd1 1/2-1/2

[Event "Lucca op 12th"]
[Site "Lucca"]
[Date "2000.10.15"]
[Round "5"]
[White "De Santis, Alessio"]
[Black "Franceschi, Riccardo"]
[Result "1-0"]
[WhiteElo "2298"]
[BlackElo "1785"]
[PlyCount "89"]
[EventDate "2000.10.07"]
[EventType "swiss"]
[EventRounds "6"]
[EventCountry "ITA"]
[SourceTitle "EXT 2002"]
[Source "ChessBase"]
[SourceDate "2001.11.25"]
[SourceVersion "1"]
[SourceVersionDate "2001.11.25"]
[SourceQuality "1"]

1. d4 Nf6 2. c4 e6 3. g3 Be7 4. Bg2 0-0 5. Nf3 d5 6. 0-0 b6 7. Nc3 Nbd7 8. Qc2 Bb7 9. Rd1 h6 10. cxd5 exd5 11. Bf4 c6 12. e3 Re8 13. b4 Nf8 14. e4 dxe4 15. Ne5 Nd5 16. Bxe4 Bf6 17. b5 Rc8 18. bxc6 Bxc6 19. Nxc6 Rxc6 20. Bxd5 Qxd5 21. Nxd5 Rxc2 22. Nxf6+ gxf6 23. Bxh6 Ne6 24. Rac1 Rxa2 25. d5 Nc5 26. Be3 Ra3 27. Bxc5 bxc5 28. Rxc5 Ra6 29. d6 Rd8 30. d7 Kf8 31. Rc7 Ke7 32. h4 f5 33. Kg2 Ra3 34. h5 Ra6 35. Kh3 Rh6 36. Kh4 a6 37. f3 Rhh8 38. g4 fxg4 39. fxg4 f6 40. Ra7 Rhf8 41. Rxa6 Rxd7 42. Rxd7+ Kxd7 43. h6 f5 44. g5 f4 45. Rf6 1-0

[Event "Lucca op 12th"]
[Site "Lucca"]
[Date "2000.10.15"]
[Round "6"]
[White "Franceschi, Riccardo"]
[Black "Donatini, Andrea"]
[Result "1/2-1/2"]
[WhiteElo "1785"]
[BlackElo "1824"]
[PlyCount "85"]
[EventDate "2000.10.07"]
[EventType "swiss"]
[EventRounds "6"]
[EventCountry "ITA"]
[SourceTitle "EXT 2002"]
[Source "ChessBase"]
[SourceDate "2001.11.25"]
[SourceVersion "1"]
[SourceVersionDate "2001.11.25"]
[SourceQuality "1"]

1. c4 Nf6 2. Nc3 e6 3. g3 c5 4. Bg2 Nc6 5. e3 Be7 6. Nge2 Ne5 7. d3 0-0 8. b3 d5 9. d4 cxd4 10. exd4 Ng6 11. 0-0 b6 12. a3 Ba6 13. Nb5 Bxb5 14. cxb5 Rc8 15. Bb2 Qd7 16. Qd3 Ne8 17. f4 Nd6 18. a4 f5 19. Nc3 Ne4 20. Rfc1 Bb4 21. Na2 Bd6 22. Rxc8 Rxc8 23. Rc1 Rxc1+ 24. Bxc1 Qc7 25. Kf1 Ne7 26. Ke2 Kf7 27. Bd2 Ng8 28. Be1 Ngf6 29. Bf3 h6 30. Kd1 g5 31. fxg5 hxg5 32. Qc2 Qxc2+ 33. Kxc2 g4 34. Bxe4 Nxe4 35. Bd2 Kf6 36. Bf4 Bxf4 37. gxf4 Ke7 38. Kd3 Kd6 39. Nb4 Nf2+ 40. Ke2 Ne4 41. Nc6 a5 42. Ne5 Nf6 43. Nd3 1/2-1/2